Statistics for Teams of the German Bundesliga 2012 / 2013

Click here to take the quiz!

General Stats

  • This quiz has been taken 86 times
  • The average score is 13 of 18

Answer Stats

Answer % Correct
Borussia Dortmund
97%
Hamburger SV
86%
FC Bayern München
83%
FC Schalke 04
79%
VfL Wolfsburg
76%
VfB Stuttgart
76%
Bayer 04 Leverkusen
75%
SV Werder Bremen
74%
Hannover 96
71%
TSG 1899 Hoffenheim
70%
Eintracht Frankfurt
67%
Borussia Mönchengladbach
63%
FC Augsburg
63%
SC Freiburg
63%
1. FC Nürnberg
61%
1. FSV Mainz 05
59%
Fortuna Düsseldorf
54%
SpVgg Greuther Fürth
53%

Score Distribution

Percentile by Number Answered

Percent of People with Each Score

Your Score History

You have not taken this quiz